000 01130nam a2200253 a 4500
001 000027368
005 20240226143926.0
008 110331s1970 dr a r 000 | spa d
040 _aDO-SdBNP
_bspa
_cBNPHU
082 _a027.84
_bC762t
100 1 _aContín, Silvestre Emilio,
_d1904-
_934485
245 1 0 _aTratado sobre organización de archivos /
_cSilvestre Emilio Contín.
260 _aSanto Domingo :
_bImprenta Núñez,
_c1970.
300 _a184 p. :
_bil. ;
_c22 cm.
504 _aBibliografía : p.180.
500 _aEn la portada: Curso completo sobre la técnica moderna de organizar y archivar correspondencia y documentos. Archivos de Oficinas del Estado; Archivos de Partidos Políticos; Archivos de Oficinas de Profesionales y Archivos de Empresas Industriales y Comerciales.
590 _aInventariado,2018/DG
650 4 _aEnseñanza de la archivología
_954444
650 4 _aOrganización de archivos de oficina
_954445
650 4 _aAdministración de archivos
_954446
650 4 _aArchivología
_954447
650 4 _aArchivos
_zRepública Dominicana
_954448
910 _aValidado. Control de calidad. EMS
999 _c26860
_d26860